| LEADER 00000nam a2200000 a 4500 |
| 001 13399115987 |
| 003 ULIBM |
| 008 120207s2558 th a 000 0 tha d |
| 020 ^a97861628331843
|
| 082 04 ^aอ 922.943^bส165จ
|
| 110 2 ^aสำนักหอจดหมายเหตุแห่งชาติ.^bคณะกรรมการฝ่ายจัดทำจดหมายเหตุ
|
| 245 10 ^aจดหมายเหตุงานฉลองพระชันษา 100 ปี สมเด็จพระญาณสังวรสมเด็จพระสังฆราช สกลมหาสังฆปริณายก 3 ตุลาคม 2456 /^cคณะกรรมการฝ่ายจัดทำจดหมายเหตุ สำนักหอจดหมายเหตุแห่งชาติ
|
| 260 ^aกรุงเทพฯ :^bอมรินพริ้นติ้งแอนด์พับลิชชิ่ง,^c2558
|
| 300 ^a504 หน้า :^bภาพประกอบ;^c30ซม.
|
| 600 07 ^aสมเด็จพระญาณสังวร สมเด็จพระสังฆราช (เจริญ สุวัฑฒโน),^d2456-
|
| 600 07 ^aสมเด็จพระสังฆราช^xชีวประวัติ
|
| 610 00 ^aกรมศิลปากร
|
| 650 7 ^aสงฆ์^xชีวประวัติ
|
| 945 ^p0^l0^i44096
|
| 999 ^aจุฑามาศ กรงจักร์
|
หนังสือดีน่าอ่าน

“ดั่งดวงแก้ว ส่องสว่าง ทางสายงาม”
จัดทำขึ้นเพื่อเฉลิมพระเกียรติ สมเด็จพระเทพรัตนราชสุดา ฯ สยามบรมราชกุมารี
เนื่องในโอกาสมหามงคลเฉลิมพระชนมพรรษา ๕ รอบ ๒ เมษายน ๒๕๕๘
โดยหนังสือเล่มนี้ได้รวบรวม ๖๐ พระอัจฉริยภาพของสมเด็จพระเทพ ฯ
ผู้อ่านจะได้รับแรงบันดาลใจให้พากเพียรเรียนรู้และขยันอดทนทำการงาน
ตามรอยเบื้องพระยุคลบาท เพราะพระองค์ทรงเป็นแบบอย่างอันดีเยี่ยมในทุกด้าน
ทั้งในความใฝ่รู้ใฝ่เรียน คุณธรรมจริยธรรม พระวิริยอุตสาหะในการทรงงาน
และอื่นๆอีกมากมาย ล้วนสามารถสร้างแรงบันดาลใจให้แก่เด็กและเยาวชน
อีกทั้งประชาชนทั่วไป ให้พากเพียรเรียนรู้และขยันอดทนทำการงานตามรอยพระยุคลบาท
เพื่อฝึกฝนตนเองให้เป็นคนดีคนเก่งของครอบครัวและสังคมต่อไป